<?xml version="1.0" encoding="UTF-8"?>
<record
    xmlns:xsi="http://www.w3.org/2001/XMLSchema-instance"
    xsi:schemaLocation="http://www.loc.gov/MARC21/slim http://www.loc.gov/standards/marcxml/schema/MARC21slim.xsd"
    xmlns="http://www.loc.gov/MARC21/slim">

  <leader>02855nam a2200337 i 4500</leader>
  <controlfield tag="001">173630</controlfield>
  <controlfield tag="003">ES-MaACL</controlfield>
  <controlfield tag="005">20250929143019.0</controlfield>
  <controlfield tag="007">t|</controlfield>
  <controlfield tag="008">091217s18561857sp bf        |||| | spa d</controlfield>
  <datafield tag="110" ind1="2" ind2=" ">
    <subfield code="a">Real Academia de Ciencias Exactas, F&#xED;sicas y Naturales de Espa&#xF1;a.</subfield>
    <subfield code="9">175635</subfield>
  </datafield>
  <datafield tag="245" ind1="1" ind2="0">
    <subfield code="a">Memorias de la Real Academia de Ciencias </subfield>
    <subfield code="g">1856-1858.</subfield>
  </datafield>
  <datafield tag="260" ind1=" " ind2=" ">
    <subfield code="a">Madrid : </subfield>
    <subfield code="b">[s.n.], </subfield>
    <subfield code="c">1856 (</subfield>
    <subfield code="f">Aguado Imp.)</subfield>
  </datafield>
  <datafield tag="300" ind1=" " ind2=" ">
    <subfield code="a">v. ; </subfield>
    <subfield code="c">28 cm.</subfield>
  </datafield>
  <datafield tag="505" ind1="8" ind2=" ">
    <subfield code="a">Contiene: T. IV ; </subfield>
    <subfield code="t">Memoria geon&#xF3;stico agr&#xED;cola sobre la provincia de Pontevedra / </subfield>
    <subfield code="r">Antonio de Valenzuela y Ozores (114 p., 1 plano pleg.). -- </subfield>
    <subfield code="t">La estructura geol&#xF3;gica del terreno de Espa&#xF1;a / </subfield>
    <subfield code="r">Joaqu&#xED;n Ezquerra del Bayo (p. 115-155, 1 mapa pleg.). -- </subfield>
    <subfield code="t">El mecanismo de la generaci&#xF3;n en los animales / </subfield>
    <subfield code="r">Nicol&#xE1;s Casas Mendoza (p. 157-210). -- </subfield>
    <subfield code="t">Suelo, clima, cultivo agrario y foresta de la provincia de Vizcaya / </subfield>
    <subfield code="r">Lucas de Olazabal (p. 213-327, 2 map. pleg.). -- </subfield>
    <subfield code="t">Necesidad de una descripci&#xF3;n completa de la cordillera de Sierra Morena / </subfield>
    <subfield code="r">Felipe Naranjo de Garza (p. 329-338). Contestaci&#xF3;n /</subfield>
    <subfield code="r">Antonio Rem&#xF3;n Zarco del Valle (p. 331- 350). -- </subfield>
    <subfield code="t">Descripci&#xF3;n general de la estructura geol&#xF3;gica del terreno de Espa&#xF1;a / </subfield>
    <subfield code="r">Joaqu&#xED;n Ezquerra del Bayo (p. 351-399). -- </subfield>
    <subfield code="t">Cat&#xE1;logo de las aves de la Albufera / </subfield>
    <subfield code="r">Ignacio Vidal (p. 401-429). -- </subfield>
    <subfield code="t">Importancia del estudio de las matem&#xE1;ticas y su enlace &#xED;ntimo con el de las ciencias f&#xED;sicas y naturales / </subfield>
    <subfield code="r">Manuel Fern&#xE1;ndez de los Senderos (p. 431-444). Contestaci&#xF3;n / </subfield>
    <subfield code="r">Antonio Rem&#xF3;n Zarco del Valle y Huet (p. 445-457). -- </subfield>
    <subfield code="t">Ramilletes de plantas espa&#xF1;olas / </subfield>
    <subfield code="r">Mariano de la Paz Graells (p. 459-493, 8 l&#xE1;m. col.). -- </subfield>
    <subfield code="t">Suplemento a la flora de Filipinas / </subfield>
    <subfield code="r">Antonio Llanos (p. 495-509, 1 l&#xE1;m. pleg.). -- </subfield>
    <subfield code="t">Cat&#xE1;logo met&#xF3;dico de las aves observadas en la provincia de Murcia / </subfield>
    <subfield code="r">&#xC1;ngel Guirao (p. 511-560, 2 l&#xE1;m. col.). -- </subfield>
    <subfield code="t">Erpetologia hispalensis seu catalogus metodicus reptilium et amphibiorum / </subfield>
    <subfield code="r">Antonio A. Machado (p. 561-573). -- </subfield>
    <subfield code="t">Memoria geogn&#xF3;stico agr&#xED;cola sobre la provincia de Castell&#xF3;n / </subfield>
    <subfield code="r">Juan Vilanova y Piera (p. 575-800, 6 l&#xE1;m.)</subfield>
  </datafield>
  <datafield tag="700" ind1="1" ind2=" ">
    <subfield code="a">Rem&#xF3;n Zarco del Valle, Antonio,</subfield>
    <subfield code="d">1789-1866</subfield>
    <subfield code="9">131690</subfield>
  </datafield>
  <datafield tag="700" ind1="1" ind2=" ">
    <subfield code="a">Valenzuela y Ozores, Antonio de.</subfield>
    <subfield code="9">141836</subfield>
  </datafield>
  <datafield tag="700" ind1="1" ind2=" ">
    <subfield code="a">Ezquerra del Bayo, Joaqu&#xED;n, </subfield>
    <subfield code="d">1793-1859</subfield>
    <subfield code="9">48476</subfield>
  </datafield>
  <datafield tag="700" ind1="1" ind2=" ">
    <subfield code="a">Casas de Mendoza, Nicol&#xE1;s.</subfield>
    <subfield code="9">126372</subfield>
  </datafield>
  <datafield tag="700" ind1="1" ind2=" ">
    <subfield code="a">Olaz&#xE1;bal, Lucas de,</subfield>
    <subfield code="d">1829-1899</subfield>
    <subfield code="9">130605</subfield>
  </datafield>
  <datafield tag="700" ind1="1" ind2=" ">
    <subfield code="a">Naranjo y Garza, Felipe, </subfield>
    <subfield code="d">1809-1877</subfield>
    <subfield code="9">141837</subfield>
  </datafield>
  <datafield tag="700" ind1="1" ind2=" ">
    <subfield code="a">Fern&#xE1;ndez de los Senderos, Manuel.</subfield>
    <subfield code="9">49685</subfield>
  </datafield>
  <datafield tag="700" ind1="1" ind2=" ">
    <subfield code="a">Vidal, Ignacio.</subfield>
    <subfield code="9">114432</subfield>
  </datafield>
  <datafield tag="700" ind1="1" ind2=" ">
    <subfield code="a">Graells, Mariano de la Paz, </subfield>
    <subfield code="d">1809-1898</subfield>
    <subfield code="9">127520</subfield>
  </datafield>
  <datafield tag="700" ind1="1" ind2=" ">
    <subfield code="a">Llanos, Antonio.</subfield>
    <subfield code="9">72707</subfield>
  </datafield>
  <datafield tag="700" ind1="1" ind2=" ">
    <subfield code="a">Guirao, &#xC1;ngel.</subfield>
    <subfield code="9">141838</subfield>
  </datafield>
  <datafield tag="700" ind1="1" ind2=" ">
    <subfield code="a">Machado, Antonio A.</subfield>
    <subfield code="9">141839</subfield>
  </datafield>
  <datafield tag="700" ind1="1" ind2=" ">
    <subfield code="a">Vilanova y Piera, Juan,</subfield>
    <subfield code="d">1821-1893</subfield>
    <subfield code="9">114785</subfield>
  </datafield>
  <datafield tag="852" ind1=" " ind2=" ">
    <subfield code="a">ES-MaACL</subfield>
    <subfield code="j">K-219</subfield>
  </datafield>
  <datafield tag="999" ind1=" " ind2=" ">
    <subfield code="c">173630</subfield>
    <subfield code="d">173630</subfield>
  </datafield>
  <datafield tag="952" ind1=" " ind2=" ">
    <subfield code="0">0</subfield>
    <subfield code="1">0</subfield>
    <subfield code="4">0</subfield>
    <subfield code="7">0</subfield>
    <subfield code="8">LIBXIX</subfield>
    <subfield code="a">ATENEOM</subfield>
    <subfield code="b">ATENEOM</subfield>
    <subfield code="c">ADM</subfield>
    <subfield code="d">2009-12-17</subfield>
    <subfield code="l">0</subfield>
    <subfield code="o">K-219</subfield>
    <subfield code="p">1182210</subfield>
    <subfield code="r">2023-02-23 00:00:00</subfield>
    <subfield code="w">2023-02-23</subfield>
    <subfield code="y">MONANT</subfield>
  </datafield>
</record>
